|
|
|
|
| LEADER |
00000cam a2200000 7i4500 |
| 001 |
0000000329 |
| 005 |
20151222.0 |
| 008 |
070629 |
| 020 |
|
|
|a 9833241573(set)
|
| 020 |
|
|
|a 9833241638
|
| 090 |
0 |
0 |
|a JF
|b MAL
|
| 100 |
0 |
|
|a Abdullah A.M.
|
| 245 |
1 |
0 |
|a Sinar di sebalik kabus
|c Abdullah A.M
|
| 260 |
|
|
|a Selangor :
|b Penerbitan PCT ,
|c 2006
|
| 440 |
|
|
|a Siri menangkis kemelut
|
| 500 |
|
|
|a Children ages 10-12 years old (pink)
|
| 650 |
|
0 |
|a Malay fiction
|
| 999 |
|
|
|a 0000919421
|b Book
|c Children Collection
|e Cawangan Bukit Gambir
|
| 999 |
|
|
|a 0000919422
|b Book
|c Children Collection
|e Cawangan Bukit Gambir
|
| 999 |
|
|
|a 0000919423
|b Book
|c Children Collection
|e Cawangan Bukit Gambir
|
| 999 |
|
|
|a 0000929226
|b Book
|c Children Collection
|e Cawangan Tangkak
|
| 999 |
|
|
|a 0000929227
|b Book
|c Children Collection
|e Cawangan Tangkak
|
| 999 |
|
|
|a 0000929228
|b Book
|c Children Collection
|e Cawangan Tangkak
|
| 999 |
|
|
|a 0000955097
|b Book
|c Children Collection
|e Cawangan Tangkak
|
| 999 |
|
|
|a 0000955098
|b Book
|c Children Collection
|e Cawangan Bukit Gambir
|
| 999 |
|
|
|a 0000955695
|b Book
|c Children Collection
|e Perbadanan Perpustakaan Awam Johor
|
| 999 |
|
|
|a 0000955696
|b Book
|c Children Collection
|e Perbadanan Perpustakaan Awam Johor
|
| 999 |
|
|
|a 0000955697
|b Book
|c Children Collection
|e Cawangan Batu Pahat
|